Southville International School and Colleges
Your cart is empty.
  • Cart
  • Lists
    Public lists Eva Luna New books Lux_list list_1
    Your lists Log in to create your own lists
  • Log in to your account
  • Your cookies
  • Search history
Southville International School and Colleges
  • Advanced search
  • Recent comments
  • Most popular
  • Libraries

Log in to your account

Log in with GOOGLE


If you do not have an external account, but do have a local account, you can still log in:

  1. Home
  2. MARC view: Psychosocial development and personality types of selected late adolescents exposed to anime /
Normal view MARC view ISBD view

Psychosocial development and personality types of selected late adolescents exposed to anime / (Record no. 284119)

[ view plain ]
MARC details
000 -LEADER
fixed length control field 00680nam a2200229Ia 4500
008 - FIXED-LENGTH DATA ELEMENTS--GENERAL INFORMATION
fixed length control field 150520s9999 xx 000 0 und d
050 ## - LIBRARY OF CONGRESS CALL NUMBER
Classification number BF 724
050 ## - LIBRARY OF CONGRESS CALL NUMBER
Item number .D418 2015
100 ## - MAIN ENTRY--PERSONAL NAME
Personal name De Ocampo, Lorraine M.
245 ## - TITLE STATEMENT
Title Psychosocial development and personality types of selected late adolescents exposed to anime /
245 ## - TITLE STATEMENT
Statement of responsibility, etc Lorraine M. De Ocampo.
260 ## - PUBLICATION, DISTRIBUTION, ETC. (IMPRINT)
Place of publication, distribution, etc Las Piñas, Philippines :
260 ## - PUBLICATION, DISTRIBUTION, ETC. (IMPRINT)
Name of publisher, distributor, etc SISC,
260 ## - PUBLICATION, DISTRIBUTION, ETC. (IMPRINT)
Date of publication, distribution, etc 2015.
300 ## - PHYSICAL DESCRIPTION
Extent 106 pages:
300 ## - PHYSICAL DESCRIPTION
Other physical details illustrations ;
300 ## - PHYSICAL DESCRIPTION
Dimensions 28 cm.
500 ## - GENERAL NOTE
General note Includes bibliographical references and appendices.
650 ## - SUBJECT ADDED ENTRY--TOPICAL TERM
Topical term or geographic name as entry element Adolescent
650 ## - SUBJECT ADDED ENTRY--TOPICAL TERM
Topical term or geographic name as entry element Psychosocial development
650 ## - SUBJECT ADDED ENTRY--TOPICAL TERM
General subdivision Psychology

No items available.

Psychosocial development and personality types of selected late adolescents exposed to anime /

APA

De Ocampo L. M., .Psychosocial development and personality types of selected late adolescents exposed to anime. Las Piñas, Philippines: .

Chicago

De Ocampo Lorraine M, .Psychosocial development and personality types of selected late adolescents exposed to anime. Las Piñas, Philippines: .

Harvard

De Ocampo L. M., .Psychosocial development and personality types of selected late adolescents exposed to anime. Las Piñas, Philippines: .

MLA

De Ocampo Lorraine M, .Las Piñas, Philippines: . .

  • Print
  • Cite
  • Add to your cart (remove)
  • Save record
    BIBTEX Dublin Core MARCXML MARC (non-Unicode/MARC-8) MARC (Unicode/UTF-8) MARC (Unicode/UTF-8, Standard) MODS (XML) RIS
  • More searches
    Search for this title in:
    Other Libraries (WorldCat) Other Databases (Google Scholar) Online Stores (Bookfinder.com) Open Library (openlibrary.org)

Exporting to Dublin Core...

SOUTHVILLE LIBRARY

Southville International School and Colleges Library

1281 Tropical Ave. Cor. Luxembourg St., BF Homes International, Las Pinas City

Tel. No. 8256374 / 252358 Loc. 117/146

Powered by Koha